[Event "ch-TUR 2012"]
[Site "Kemer TUR"]
[Date "2012.01.31"]
[Round "4"]
[White "Erke,M"]
[Black "Asilkefeli,M"]
[Result "0-1"]
[WhiteElo "1845"]
[BlackElo "2108"]

1.e4 c5 2.Nf3 e6 3.d4 cxd4 4.Nxd4 a6 5.Nc3 Qc7 6.Be2 Nf6 7.O-O Nc6 8.Be3 Bb4
9.f3 Ne5 10.Qe1 Nc4 11.Bxc4 Qxc4 12.Rd1 O-O 13.Qg3 Kh8 14.e5 Ng8 15.Ne4 f6
16.exf6 Nxf6 17.b3 Qd5 18.Ng5 Bd6 19.Qh3 Qe5 20.f4 Qa5 21.Ndxe6 dxe6 22.Rxd6 h6
23.Bd4 e5 24.Qd3 exd4 25.Rxf6 Bf5 26.Rxf8+ Rxf8 27.Qxd4 hxg5 28.fxg5 Rd8
29.Rxf5 Qe1+ 30.Rf1 Qxf1+ 31.Kxf1 Rxd4 32.Ke2 Rg4 33.g3 Rxg5 34.c4 Re5+ 35.Kd3 Kg8
36.b4 Kf7 37.a4 Ke6 38.Kd4 a5 39.b5 b6 40.h4 Kd6 41.g4 Re1 42.h5 Rg1 43.c5+ bxc5+
44.Ke4 Rxg4+  0-1

[Event "Moscow Open 2012 A"]
[Site "Moscow RUS"]
[Date "2012.01.31"]
[Round "4.70"]
[White "Aldokhin,I"]
[Black "Chernyuk,Mikhail"]
[Result "1/2-1/2"]
[WhiteElo "2376"]
[BlackElo "2224"]

1.e4 c5 2.Nf3 e6 3.d4 cxd4 4.Nxd4 a6 5.Nc3 Qc7 6.Bd3 Nf6 7.Nf3 b5 8.O-O Nc6
9.Re1 Bc5 10.e5 Ng4 11.Ne4 Ncxe5 12.Nxe5 Nxe5 13.Bf4 d6 14.Qh5 Ng6 15.Bg3 e5
16.a4 b4 17.Ng5 Bb7 18.Qh3 Bc8 19.Qh5 Bb7 20.Bf5 Qe7 21.Rad1 Qf6 22.Be4 Qe7
23.Bf5 Qf6 24.Be4 Qe7 25.Bf5 Qf6 26.Ne4 Bxe4 27.Bxe4 Ra7 28.Bc6+ Ke7 29.Rd3 h6
30.h4 Nf4 31.Bxf4 Qxf4 32.Rf3 g6 33.Rxf4 gxh5 34.Bd5 Rh7 35.Rf5 Bd4 36.b3 Rc7
37.Re2 Rg7 38.Rxh5 Rg6 39.Kf1 Rc5 40.Bc4 a5  1/2-1/2

[Event "Gibraltar Open"]
[Site "Caleta ENG"]
[Date "2012.02.01"]
[Round "9.37"]
[White "Phadke,So1"]
[Black "Pavlovic,Milos"]
[Result "0-1"]
[WhiteElo "2290"]
[BlackElo "2531"]

1.e4 c5 2.Nf3 a6 3.Nc3 e6 4.d4 cxd4 5.Nxd4 Nc6 6.Be3 Nf6 7.Bd3 Qc7 8.O-O h5
9.h3 b5 10.Nxc6 Qxc6 11.Bd4 Bb7 12.Re1 Be7 13.a4 b4 14.Nb1 Qd6 15.Bxf6 Bxf6
16.Nd2 Qf4 17.Nc4 Bd4 18.Re2 a5 19.e5 Bc5 20.Qc1 Qxc1+ 21.Rxc1 Ba6 22.b3 f5
23.Ne3 Bb7 24.Bb5 Ke7 25.Rd1 Rhd8 26.Red2 d5 27.exd6+ Rxd6 28.Nc4 Rxd2 29.Rxd2 Bd5
30.Ne5 Bd6 31.Nc4 Bc5 32.Ne5 Bd6 33.Nc4 Bf4 34.Re2 Rd8 35.Re1 Bc7 36.Ne3 Be4
37.f3 f4 38.fxe4 fxe3 39.Bd3 Bb6 40.Kh2 Kf6 41.g3 Ke5 42.Rd1 Rxd3 43.cxd3 Kd4
44.Kg2 e2 45.Re1 Ke3  0-1

[Event "17th HIT Open A"]
[Site "Nova Gorica SLO"]
[Date "2012.02.01"]
[Round "8"]
[White "Lucovnik,Tilen"]
[Black "Jaksa,C"]
[Result "1/2-1/2"]
[WhiteElo "1856"]
[BlackElo "2022"]

1.e4 c5 2.Nf3 e6 3.d4 cxd4 4.Nxd4 a6 5.Nc3 b5 6.Bd3 Qb6 7.Be3 Bc5 8.Be2 Nc6
9.Nxc6 Bxe3 10.fxe3 Qxc6 11.Bf3 Bb7 12.Qd4  1/2-1/2

[Event "Gibraltar Open"]
[Site "Caleta ENG"]
[Date "2012.02.02"]
[Round "10.46"]
[White "Hanley,C"]
[Black "Kulkarni,R"]
[Result "1-0"]
[WhiteElo "2421"]
[BlackElo "2252"]

1.e4 c5 2.Nf3 e6 3.d4 cxd4 4.Nxd4 a6 5.Nc3 Qc7 6.Bd3 b5 7.O-O Bb7 8.Kh1 Nc6
9.Nxc6 Bxc6 10.Qe2 d6 11.a4 b4 12.Nd5 Qb7 13.c3 Nf6 14.Nxf6+ gxf6 15.cxb4 d5
16.b5 axb5 17.axb5 Rxa1 18.bxc6 Qc7 19.exd5 e5 20.Qg4 h5 21.Qf5 Ke7 22.Be3 Rxf1+
23.Bxf1  1-0

[Event "ch-TUR 2012"]
[Site "Kemer TUR"]
[Date "2012.02.02"]
[Round "7"]
[White "Ozalp,B"]
[Black "Aslanhan,H"]
[Result "1-0"]
[WhiteElo "1957"]
[BlackElo "1804"]

1.e4 c5 2.Nc3 e6 3.Nf3 a6 4.d4 cxd4 5.Nxd4 Qc7 6.g3 Nf6 7.Bg2 d6 8.O-O h5
9.Bg5 Be7 10.Re1 Nc6 11.h4 Bd7 12.Qd2 Ng4 13.Nxc6 Bxc6 14.Nd5 Bxd5 15.exd5 e5
16.Rac1 f6 17.Be3 Rg8 18.c4 g5 19.Qd3 Nxe3 20.Rxe3 gxh4 21.Qf5 Rg5 22.Qh7 hxg3
23.Rxg3 O-O-O 24.Rxg5 fxg5 25.b4 h4 26.c5 Kb8 27.c6 Rf8 28.a4 Bd8 29.Qc2 g4
30.b5 axb5 31.axb5 g3 32.Ra1 gxf2+ 33.Kf1 h3 34.Bxh3 Qg7 35.Bg2 Bb6 36.Qa4 Kc7
37.cxb7 Rf4 38.b8=Q+ Kxb8 39.Qa8+ Kc7 40.Ra7+ Bxa7 41.Qxa7+ Kc8 42.Qxg7  1-0

[Event "Moscow Open Women 2012"]
[Site "Moscow RUS"]
[Date "2012.02.02"]
[Round "6.17"]
[White "Ivkina,O"]
[Black "Khazieva,E"]
[Result "1/2-1/2"]
[WhiteElo "2275"]
[BlackElo "2035"]

1.e4 c5 2.Nf3 e6 3.Nc3 a6 4.d4 cxd4 5.Nxd4 Qc7 6.Be2 Nf6 7.O-O Bb4 8.Bg5 Bxc3
9.Bxf6 gxf6 10.bxc3 Qxc3 11.Rb1 b5 12.Bh5 Bb7 13.Re1 Nc6 14.Nb3 Ne5 15.Re3 Qc7
16.Qd4 Qc4 17.Qb2 Bxe4 18.Nd2 Qxc2 19.Rxe4 Qxb2 20.Rxb2 Rc8 21.Nb3 d5 22.Ree2 Nd3
23.Rbc2 Ke7 24.g3 Rhd8 25.Nd4 Ne5 26.g4 Nc4  1/2-1/2

[Event "Moscow Open Women 2012"]
[Site "Moscow RUS"]
[Date "2012.02.02"]
[Round "6.69"]
[White "Tereshechkina,Taisiya"]
[Black "Beshukova,Ekaterina"]
[Result "0-1"]
[WhiteElo "1702"]
[BlackElo "1828"]

1.e4 c5 2.Nf3 e6 3.d4 cxd4 4.Nxd4 a6 5.Nc3 b5 6.Be3 Bb7 7.f3 Qc7 8.Qd2 Bb4
9.O-O-O Nf6 10.g4 Bxc3 11.Qxc3 Qxc3 12.bxc3 h6 13.h4 Nc6 14.Nxc6 Bxc6 15.Bh3 Rc8
16.g5 hxg5 17.hxg5 Nxe4 18.fxe4 Bxe4 19.Rh2 Rxc3 20.Re1 Bg6 21.Kb2 b4 22.Ree2 d5
23.Rh1 Be4 24.Rhh2 Kf8 25.Re1 e5 26.Kb1 f6 27.gxf6 gxf6 28.Kb2 Ke7 29.Kb1 Rh5
30.Kb2 f5 31.Kb1 f4 32.Bd2 Rcxh3 33.Rxh3 Rxh3 34.Bxb4+ Ke6 35.Kc1 Rh2 36.Bd2 f3
37.Rf1 Kf5 38.Kd1 Kg4 39.Rg1+ Kh3 40.Rf1 d4 41.Ke1 Bd5 42.a3 Kg3 43.Rg1+ Rg2
44.Rf1 Bc4 45.Rxf3+ Kxf3 46.Kd1 e4 47.a4 e3 48.Be1 Rg1 49.a5 Bb5 50.Kc1 Rxe1+
51.Kb2 e2 52.Kb3 Rb1+ 53.Ka3 e1=Q 54.c4 Qb4+ 55.Ka2 Qb3+  0-1

[Event "TCh-ISR 2011-12"]
[Site "Israel ISR"]
[Date "2012.02.03"]
[Round "7.1"]
[White "Rozentalis,E"]
[Black "Kantsler,B"]
[Result "1-0"]
[WhiteElo "2586"]
[BlackElo "2422"]

1.e4 c5 2.Nf3 e6 3.Nc3 a6 4.d4 cxd4 5.Nxd4 Qc7 6.g3 Bb4 7.Ne2 Nf6 8.Bg2 O-O
9.O-O Be7 10.Nd4 Nc6 11.b3 d6 12.Bb2 Bd7 13.Re1 Rac8 14.Nxc6 Bxc6 15.Qe2 b5
16.a3 Bb7 17.Rad1 Rfd8 18.h3 Nd7 19.f4 Bf6 20.e5 dxe5 21.Bxb7 Qxb7 22.fxe5 Nxe5
23.Ne4 Nf3+ 24.Qxf3 Qb6+ 25.Kf1 Bxb2 26.c3 Rxd1 27.Rxd1 f5 28.Rd7 h6 29.Nf6+ Kh8
30.Qf4 Bxc3 31.Qxh6+  1-0

[Event "ch-TUR 2012"]
[Site "Kemer TUR"]
[Date "2012.02.03"]
[Round "8"]
[White "Firat,B"]
[Black "Solak,D"]
[Result "1/2-1/2"]
[WhiteElo "2396"]
[BlackElo "2613"]

1.e4 c5 2.Nf3 e6 3.d4 cxd4 4.Nxd4 a6 5.Nc3 Qc7 6.Bd3 Nc6 7.Nxc6 dxc6 8.O-O e5
9.f4 Nf6 10.Kh1 Bc5 11.f5 b5 12.Qf3 Bb7 13.a4 h5 14.Bd2  1/2-1/2

[Event "Moscow Open Women 2012"]
[Site "Moscow RUS"]
[Date "2012.02.03"]
[Round "7"]
[White "Munguntuul,B"]
[Black "Ambartsumova,K"]
[Result "1/2-1/2"]
[WhiteElo "2452"]
[BlackElo "2315"]

1.e4 c5 2.Nf3 e6 3.d4 cxd4 4.Nxd4 a6 5.Nc3 Qc7 6.Bd3 Nf6 7.O-O Nc6 8.Nxc6 bxc6
9.Qe2 Bd6 10.f4 e5 11.f5 h6 12.Kh1 Be7 13.Bd2 O-O 14.Rae1 Bb7 15.Rf3 Qd8
16.Na4 d6 17.b3 Re8 18.Rg3 Kh7 19.Be3 c5 20.Nc3 Qc7 21.Bc1 Bc6 22.Bc4 Bf8
23.Rh3 Qb7 24.Qd3 Kg8 25.a4 Red8 26.Nd5 Bxd5 27.exd5 Re8 28.Rd1 Qd7 29.Qf1 Qc8
30.g4 Nh7 31.Re1 Be7 32.Bd3 Bg5 33.Qg2 Qd8 34.Bxg5 Nxg5 35.Rhe3 f6 36.h4 Nf7
37.Re4 a5 38.R1e3 Kf8 39.Bb5 Re7 40.Rh3 Rea7 41.Rg3 Rb8 42.c3 Rc7 43.Rf3 Rbb7
44.Rf2 Rb8 45.Rb2 Qc8 46.Qf3 Ke7 47.Kg1 Qb7 48.Rd2 Qc8 49.Kf1 Qb7 50.Ke1 Qb6
51.Kd1 Rcc8 52.Kc1 Qb7 53.Kb1 Rc7 54.Ka2 Rcc8 55.Qe2 Qb6 56.Rb2 Rc7 57.Qd2 Rcc8
58.Be2 Qa7 59.Qd3 Rb6 60.Qg3 Rh8 61.Bc4 Rbb8 62.Re1 Qb7 63.Reb1 Rhc8 64.Qd3 Qa7
65.Bb5 Rc7 66.Ka3 Rcc8 67.Bc6 Rc7 68.Qc4 Rcc8 69.b4 cxb4+ 70.cxb4 axb4+ 71.Rxb4 Nd8
72.Rxb8 Rxb8 73.Rxb8 Qxb8 74.Qa6 e4 75.Qc4 Qb1 76.Bb5 Qa1+ 77.Kb4 Qb2+ 78.Ka5 Nb7+
79.Kb6 Nc5 80.a5 Kd8 81.a6 Qf2 82.Ka5 Qd2+ 83.Kb6 Qf2 84.Ka5 Qd2+ 85.Kb6 Qf2  1/2-1/2

[Event "Moscow Open 2012 A"]
[Site "Moscow RUS"]
[Date "2012.02.04"]
[Round "8.57"]
[White "Aldokhin,I"]
[Black "Petrosyan,M"]
[Result "0-1"]
[WhiteElo "2376"]
[BlackElo "2205"]

1.e4 c5 2.Nf3 e6 3.d4 cxd4 4.Nxd4 a6 5.Nc3 Qc7 6.Be2 Nf6 7.Be3 Nc6 8.O-O Be7
9.f4 d6 10.a4 O-O 11.Kh1 Re8 12.Bf3 Rb8 13.Qe1 e5 14.Nde2 Bf8 15.f5 Nb4 16.Qf2 d5
17.Bg5 d4 18.Bxf6 dxc3 19.bxc3 Nxc2 20.Rac1 Na3 21.Qg3 Kh8 22.Bh4 Nc4 23.f6 g6
24.Bg5 Qc5 25.Ng1 Be6 26.Be2 Nd6 27.Qh4 Qc6 28.Bf3 Qxa4 29.Bh6 Nf5 30.Bg7+ Nxg7
31.fxg7+ Bxg7 32.Rce1 Qc4 33.Bg4 Kg8 34.Nf3 h6 35.Bxe6 Qxe6 36.Qf2 Rbc8 37.Re3 Rc7
38.Ne1 a5 39.Rf3 Rec8 40.Nc2 Rxc3 41.Ne3 Rf8 42.Nd5 Rxf3 43.Qxf3 f5 44.Rb1 Rf7
45.Qh3 Qc6 46.Qb3 Kh7 47.exf5 gxf5 48.h4 a4 49.Qa2 Rd7 50.Rd1 b5 51.g4 Kh8
52.gxf5 Qc4 53.Qxc4 bxc4 54.Kg2 e4 55.Kg3 Be5+ 56.Kg4 a3 57.f6 a2  0-1

[Event "Moscow Open 2012 A"]
[Site "Moscow RUS"]
[Date "2012.02.04"]
[Round "8.47"]
[White "Nozdrachev,L"]
[Black "Demidov,M"]
[Result "1-0"]
[WhiteElo "2335"]
[BlackElo "2451"]

1.e4 c5 2.Nf3 e6 3.d4 cxd4 4.Nxd4 a6 5.Nc3 Qc7 6.Bd3 Nf6 7.Qe2 d6 8.O-O Nbd7
9.Nb3 b6 10.Bg5 Be7 11.f4 Bb7 12.f5 Ne5 13.Kh1 h6 14.Be3 exf5 15.Rxf5 b5
16.a3 O-O 17.Raf1 Qd8 18.h3 g6 19.Rxe5 dxe5 20.Bxh6 Nh5 21.Qf3 Bh4 22.Ne2 Qe7
23.Bxf8 Rxf8 24.Qe3 f5 25.c4 fxe4 26.Rxf8+ Qxf8 27.Bxe4 Qf1+ 28.Kh2 Nf4 29.Nd2 Qe1
30.Bxb7 Nxe2 31.Ne4 Qf1 32.c5 a5 33.c6 Bd8 34.Nd2 Qe1 35.Ne4 Qf1 36.Qf2 Qd1
37.c7 Bxc7 38.Bd5+ Kh7 39.Qf7+ Kh6 40.Qf8+  1-0

[Event "Moscow Open Women 2012"]
[Site "Moscow RUS"]
[Date "2012.02.05"]
[Round "9.60"]
[White "Vasilieva,Aisena"]
[Black "Butneva,L"]
[Result "0-1"]
[WhiteElo "1693"]
[BlackElo "1832"]

1.e4 c5 2.Nf3 e6 3.d4 cxd4 4.Nxd4 a6 5.Nc3 Qc7 6.a3 Nf6 7.Be2 Nc6 8.Be3 Be7
9.O-O O-O 10.f4 d6 11.Qe1 Nxd4 12.Bxd4 e5 13.fxe5 dxe5 14.Qg3 Bc5 15.Bxc5 Qxc5+
16.Kh1 Kh8 17.Qh4 Qe7 18.Rad1 Be6 19.Rf3 Nd5 20.Qh5 Nxc3 21.Rxc3 f6 22.Rg3 Rad8
23.Rf1 Qf7 24.Qxf7 Rxf7 25.Bd3 Rc7 26.Kg1 Bf7 27.h3 Bg6 28.Re3 Kg8 29.Rf2 Kf8
30.Rfe2 Bf7 31.Kf2 Bc4 32.Rd2 Ke7 33.Ke2 Bf7 34.Ke1 Rcd7 35.Ke2 Bh5+ 36.Ke1 Bf7
37.Ke2 Bc4 38.Ke1 Rd4 39.Ke2 b5 40.b4 g6 41.Ke1 Bxd3 42.Rdxd3 Ke6 43.Ke2 R8d6
44.c3 Rxd3 45.Rxd3 f5 46.Rxd6+ Kxd6 47.Ke3 fxe4 48.Kxe4 Ke6 49.g3 h6 50.g4 Kd6
51.h4 Ke6 52.Ke3 Kd5 53.Kd3 e4+ 54.Ke3 Ke5 55.c4 bxc4 56.a4 c3 57.b5 axb5
58.axb5 Kd6  0-1

[Event "11th Aeroflot Open B"]
[Site "Moscow RUS"]
[Date "2012.02.07"]
[Round "1"]
[White "Kalegin,E"]
[Black "Palacios,A"]
[Result "1/2-1/2"]
[WhiteElo "2462"]
[BlackElo "2320"]

1.e4 c5 2.Nf3 e6 3.Nc3 a6 4.d4 cxd4 5.Nxd4 b5 6.Bd3 Bb7 7.O-O Nc6 8.Nxc6 Bxc6
9.Re1 Qb8 10.a4 b4 11.Nd5 Bd6 12.Qg4 Kf8 13.Nf4 Nf6 14.Qf3 Be5 15.a5 g5 16.Ne2 Rg8
17.Ng3 h5 18.Bd2 h4 19.Nf1 Ke7 20.c3 g4 21.Qe3 g3 22.hxg3 Ng4 23.Qf3 hxg3
24.Nxg3 Nxf2 25.Nf5+ exf5 26.Qxf2 f4 27.Qh4+ Bf6 28.Qf2 Be5 29.Qh4+ Bf6 30.Qf2 Be5
31.Qh4+  1/2-1/2

[Event "11th Aeroflot Open B"]
[Site "Moscow RUS"]
[Date "2012.02.07"]
[Round "1"]
[White "Soumya,Sw"]
[Black "Badmatsyrenov,O"]
[Result "0-1"]
[WhiteElo "2280"]
[BlackElo "2445"]

1.e4 c5 2.Nf3 e6 3.d4 cxd4 4.Nxd4 a6 5.Nc3 b5 6.Bd3 Qb6 7.Be3 Bc5 8.Be2 Nc6
9.Nxc6 Bxe3 10.fxe3 dxc6 11.Qd4 Qxd4 12.exd4 e5 13.d5 Bd7 14.a4 b4 15.dxc6 Bxc6
16.Nd5 Bxd5 17.exd5 Nf6 18.O-O-O Kd7 19.d6 Rhc8 20.g4 Rc5 21.Rhf1 h6 22.h4 Rf8
23.g5 hxg5 24.hxg5 Nd5 25.Rd2 a5 26.Rfd1 Ne3 27.Rg1 Ke6 28.Bf3 Nf5 29.Bg4 g6
30.Rh1 e4 31.Re1 Ke5 32.d7 Rd8 33.Bf3 Nd6 34.b3 Rd5 35.Rde2 Rd4 36.Bg4 Kf4
37.Rg2 Kxg5 38.Rf1 Kh6 39.Rh2+ Kg7 40.Rfh1 f5 41.Be2 Kf6 42.Rh7 f4 43.R1h4 e3
44.Bd3 Nf7  0-1

[Event "11th Aeroflot Open B"]
[Site "Moscow RUS"]
[Date "2012.02.08"]
[Round "2"]
[White "Savitskiy,S"]
[Black "Baghdasaryan,V"]
[Result "1/2-1/2"]
[WhiteElo "2301"]
[BlackElo "2393"]

1.e4 c5 2.Nf3 e6 3.d4 cxd4 4.Nxd4 a6 5.Nc3 Qc7 6.f4 Nc6 7.Nb3 b5 8.Bd3 Bb7
9.Qe2 Nf6 10.Be3 d6 11.O-O-O Be7 12.Kb1 O-O 13.g4 Nd7 14.g5 Na5 15.Bd4 b4
16.Nd5 exd5 17.exd5 Nxb3 18.Bxh7+ Kxh7 19.Qh5+ Kg8 20.Bxg7 Kxg7 21.Qh6+ Kg8
22.g6 Nf6 23.Rhg1 Rfc8 24.gxf7+ Kxf7 25.Rg7+ Ke8 26.Qg6+ Kd7 27.Rxe7+ Kxe7
28.Re1+ Ne4 29.Qg7+ Kd8 30.Qf8+  1/2-1/2

[Event "11th Aeroflot Open B"]
[Site "Moscow RUS"]
[Date "2012.02.08"]
[Round "2"]
[White "Kharmunova,N"]
[Black "Kalegin,E"]
[Result "0-1"]
[WhiteElo "2215"]
[BlackElo "2462"]

1.e4 c5 2.Nf3 e6 3.d4 cxd4 4.Nxd4 a6 5.Nc3 b5 6.Bd3 Bb7 7.O-O Nc6 8.Be3 Qc7
9.Re1 Nf6 10.Nxc6 Qxc6 11.Qf3 b4 12.Ne2 Nxe4 13.Rad1 Nf6 14.Qh3 Be7 15.Nd4 Qc7
16.Nb3 e5 17.Bg5 d6 18.f4 h6 19.fxe5 dxe5 20.Bh4 O-O 21.Bg3 Bd6 22.Nd2 e4
23.Bxd6 Qxd6 24.Nxe4 Bxe4 25.Bxe4 Qc5+ 26.Kh1 Nxe4 27.Rxe4 Qxc2 28.Qf3 Qxb2
29.Rf1 a5 30.Rg4 Ra6 31.Qd5 Rf6 32.Rxf6 Qa1+  0-1

[Event "11th Aeroflot Open B"]
[Site "Moscow RUS"]
[Date "2012.02.09"]
[Round "3"]
[White "Kerigan,D"]
[Black "Badmatsyrenov,O"]
[Result "0-1"]
[WhiteElo "2184"]
[BlackElo "2445"]

1.e4 c5 2.Nf3 e6 3.d4 cxd4 4.Nxd4 a6 5.Nc3 b5 6.Bd3 Qb6 7.Nf3 Qc7 8.O-O Bb7
9.Re1 Bc5 10.Qe2 Nc6 11.Be3 Bxe3 12.Qxe3 f6 13.Rad1 Nge7 14.h4 O-O 15.h5 Ne5
16.Nxe5 fxe5 17.h6 Rf7 18.Be2 gxh6 19.Qxh6 b4 20.Bh5 Rg7 21.Nb1 Rf8 22.Qe3 Nf5
23.Qd3 Qc5 24.Rd2 Nh4 25.g3 Nf3+ 26.Bxf3 Rxg3+ 27.Kh2 Rgxf3 28.Rg1+ Kh8 29.Qxd7 Rxf2+
30.Rg2 R2f7 31.Qxe6 Bxe4 32.Rd8 Qc7 33.Rxf8+ Rxf8 34.Qh6 Qf7 35.Re2 Qf3  0-1

[Event "11th Aeroflot Open B"]
[Site "Moscow RUS"]
[Date "2012.02.09"]
[Round "3"]
[White "Oparin,G"]
[Black "Hayrapetian,O"]
[Result "1/2-1/2"]
[WhiteElo "2466"]
[BlackElo "2406"]

1.e4 c5 2.Nf3 e6 3.d4 cxd4 4.Nxd4 a6 5.Nc3 Qc7 6.Be2 Nf6 7.O-O Nc6 8.Be3 Bb4
9.Na4 O-O 10.Nxc6 bxc6 11.f4 d5 12.e5 Ne4 13.Bd3 f5 14.Bxe4 fxe4 15.Bb6 Qf7
16.Bc5 Bxc5+ 17.Nxc5 Ra7 18.Qd4 Rc7 19.Rf2 Qh5 20.Raf1 Rcf7 21.c4 Qg4 22.Qe3 g5
23.Qg3 Qxg3 24.hxg3 Kg7 25.Nb3 Kg6 26.c5 e3 27.Rf3 e2 28.Re1 gxf4 29.Rxe2 fxg3
30.Rxg3+ Kh6 31.Nd4 Rf1+ 32.Kh2 Bd7 33.Ree3 R1f4 34.Ref3 Rxf3 35.Rxf3 Rb8
36.Rf7 Rb4 37.Nb3 Be8 38.Rf6+ Kg7 39.Rxe6 Kf7 40.Rd6 Ke7 41.Kg3 Re4 42.Na5 Rxe5
43.Rxc6 Rg5+ 44.Kf4 Rxg2 45.Rxa6 Rxb2 46.Nb3 Re2 47.Ra7+ Kf6 48.Rxh7  1/2-1/2

[Event "TCh-CAT 2012"]
[Site "Catalunya ESP"]
[Date "2012.02.11"]
[Round "3.1"]
[White "Torrecillas Martinez,A"]
[Black "Kogan,Ar"]
[Result "1-0"]
[WhiteElo "2424"]
[BlackElo "2572"]

1.e4 c5 2.Nf3 e6 3.d4 cxd4 4.Nxd4 a6 5.Nc3 Qc7 6.Bd3 Nf6 7.f4 Bb4 8.Bd2 d6
9.Qf3 Nbd7 10.O-O-O b5 11.g4 Nb6 12.g5 Nfd7 13.Kb1 Bc5 14.Be3 Na4 15.Nce2 Rb8
16.h4 Ndb6 17.Bc1 Nc4 18.h5 Qb6 19.Nb3 O-O 20.Rh3 a5 21.e5 Bb7 22.Qg3 Bf2
23.Qh2 Rfd8 24.g6 dxe5 25.gxh7+ Kh8 26.fxe5 Ne3 27.h6 Nxd1 28.hxg7+ Kxg7
29.Qf4 Bh4 30.Qxh4 Qf2 31.h8=Q+ Rxh8 32.Qg5+  1-0

[Event "Frauenbundesliga 2011-12"]
[Site "Germany GER"]
[Date "2012.02.11"]
[Round "8.2"]
[White "Kochetkova,J"]
[Black "Endress,A"]
[Result "1-0"]
[WhiteElo "2260"]
[BlackElo "2120"]

1.e4 c5 2.Nc3 e6 3.Nf3 a6 4.d4 cxd4 5.Nxd4 Qc7 6.g3 Nf6 7.Bg2 Nc6 8.Nde2 Be7
9.O-O d6 10.h3 b5 11.a3 Bb7 12.g4 Nd7 13.Ng3 g5 14.a4 b4 15.Nce2 Nde5 16.c3 bxc3
17.Nxc3 Nb4 18.Be3 Nbd3 19.Qd2 h6 20.a5 Nf4 21.Rfc1 Qd7 22.Na4 Qb5 23.Nb6 Rd8
24.Rc7 Nxg2 25.Kxg2 Bc6 26.Rc1 Bd7 27.Bd4 f6 28.Nh5 O-O 29.Bxe5 fxe5 30.Nc4 Rf7
31.Rc3 Bc6 32.Ng3 Be8 33.Qe3 d5 34.exd5 Qxd5+ 35.Ne4 Bc6 36.Rxc6 Qxc6 37.Nxe5 Qd5
38.Nxf7 Kxf7 39.Qe1 Kg8 40.Rf3 Qd4 41.Nc5 Qxc5 42.Qxe6+ Kh8 43.Qxh6+ Kg8
44.Qe6+ Kh8 45.Rf7 Rd6 46.Qxe7 Qd5+ 47.Kh2  1-0

[Event "Frauenbundesliga 2011-12"]
[Site "Germany GER"]
[Date "2012.02.11"]
[Round "8.4"]
[White "Erben,L"]
[Black "Mai,I"]
[Result "0-1"]
[WhiteElo "2035"]
[BlackElo "2115"]

1.e4 c5 2.Nf3 e6 3.d4 cxd4 4.Nxd4 a6 5.Nc3 Qc7 6.Bd3 b5 7.O-O Bb7 8.a3 Nf6
9.Qe2 d6 10.f4 Nbd7 11.Kh1 Be7 12.Bd2 O-O 13.Rae1 Nc5 14.e5 Nxd3 15.cxd3 Ne8
16.Qh5 Rd8 17.f5 dxe5 18.fxe6 f6 19.Nf5 Rxd3 20.Ne4 Kh8 21.Nxe7 Bxe4 22.Rxe4 Qxe7
23.Bb4 Nd6 24.Rh4 g5 25.Rh3 Rd4 26.Rd1 Rc8 27.Rhd3 Qxe6 28.Bc3 Rxd3 29.Rxd3 Ne4
30.Qe2 Nxc3 31.bxc3 e4 32.Re3 Re8 33.h3 Qe5 34.g4 h5 35.Kg2 Qf4 36.gxh5 f5
37.Qd2 Qe5 38.Re1 f4 39.Qd7 e3 40.h6 Re7 41.Qg4 Qd5+ 42.Kg1 f3 43.Rf1 f2+
44.Kh2 Qe5+ 45.Kg2 Kh7 46.Qc8 Kxh6 47.Qxa6+ Kh7 48.a4 e2 49.Rxf2 e1=Q 50.axb5 Q1xc3
51.Kf1 Qa1+ 52.Kg2 Qd5+ 53.Rf3 Re2+ 54.Kg3 Qg1+  0-1

[Event "TCh-LTU 2012"]
[Site "Lithuania LTU"]
[Date "2012.02.11"]
[Round "4.3"]
[White "Mankevicius,Darius"]
[Black "Dubinskas,K"]
[Result "1/2-1/2"]
[WhiteElo "1634"]
[BlackElo "1997"]

1.e4 c5 2.Nf3 e6 3.d4 cxd4 4.Nxd4 a6 5.Nc3 Qc7 6.Bd3 b5 7.O-O Bc5 8.Be3 Nf6
9.Kh1 d6 10.Qd2 e5 11.Nde2 b4 12.Nd5 Nxd5 13.Bxc5 Qxc5 14.exd5 f5 15.Rae1 O-O
16.b3 Nd7 17.c4 Nf6 18.Bb1 Bd7 19.Nc1 a5 20.Qg5 e4 21.f3 Rae8 22.fxe4 Nxe4
23.Bxe4 fxe4 24.Rf4 h6 25.Qg3 Re5 26.Ne2 Ref5 27.Ref1 Rxf4 28.Rxf4 Rxf4 29.Qxf4 e3
30.Nd4 Be8 31.Qxe3 Bf7 32.Qf4 Qc7 33.Nf5 Bg6 34.Qg4 Qf7 35.Ng3 Qf2 36.Qe2 Qd4
37.h3 Bd3 38.Qe6+ Kh7 39.Nf5 Qa1+ 40.Kh2 Qf1 41.Ne7  1/2-1/2

[Event "TCh-FIN SM-Liiga 2011-12"]
[Site "Oulu FIN"]
[Date "2012.02.11"]
[Round "8.2"]
[White "Kauppila,O"]
[Black "Miezis,N"]
[Result "0-1"]
[WhiteElo "2293"]
[BlackElo "2534"]

1.e4 c5 2.Nf3 e6 3.d4 cxd4 4.Nxd4 a6 5.Nc3 Qc7 6.Bd3 Nc6 7.Nxc6 dxc6 8.O-O e5
9.f4 Nf6 10.Kh1 h5 11.f5 Bc5 12.Rf3 b5 13.Qe2 Bb7 14.a4 Qb6 15.Bg5 Bd4 16.Nd1 Rd8
17.Rh3 Qa5 18.c3 Ba7 19.b4 Qc7 20.Nb2 Rd7 21.Be3 Bb6 22.a5 Bxe3 23.Qxe3 c5
24.bxc5 Ng4 25.Qg1 Ke7 26.Rg3 Rc8 27.c4 bxc4 28.Nxc4 Qxc5 29.Qxc5+ Rxc5 30.Bf1 Rdc7
31.Nd2 Rc2 32.Nb3 Kf6 33.Kg1 Nf2 34.Re3 Nxe4 35.Rae1 R2c3 36.Rxc3 Rxc3 37.Rb1 Kxf5
38.Nd4+ exd4 39.Rxb7 d3 40.Rxf7+ Ke6  0-1

[Event "11th Aeroflot Open B"]
[Site "Moscow RUS"]
[Date "2012.02.12"]
[Round "6"]
[White "Belyakov,B"]
[Black "Nitin,S"]
[Result "0-1"]
[WhiteElo "2375"]
[BlackElo "2399"]

1.e4 c5 2.Nf3 e6 3.Nc3 a6 4.d4 cxd4 5.Nxd4 Qc7 6.Bd3 g6 7.O-O Bg7 8.Be3 d6
9.f4 Nf6 10.Kh1 Nbd7 11.g4 Nc5 12.g5 Nfd7 13.Rc1 b5 14.b4 Bb7 15.Kg1 O-O
16.Qe1 e5 17.Ndxb5 axb5 18.bxc5 Nxc5 19.Nxb5 Qd7 20.Nc3 exf4 21.Rxf4 Ra3
22.Nd5 Bxd5 23.exd5 Re8 24.Qd2 Nxd3 25.cxd3 Qh3 26.Bf2 Rxd3 27.Qa5 Be5 28.Re1 Rc8
29.Qa4 Rxd5 30.Qe4 Bxf4 31.Qxf4 Rf5 32.Qxd6 Rxg5+ 33.Bg3 h5 34.Rf1 Rf5 35.Qa6 Rxf1+
36.Qxf1 Qxf1+  0-1

[Event "11th Aeroflot Open B"]
[Site "Moscow RUS"]
[Date "2012.02.13"]
[Round "7"]
[White "Xu Huahua"]
[Black "Palacios,A"]
[Result "1-0"]
[WhiteElo "2134"]
[BlackElo "2320"]

1.e4 c5 2.Nf3 e6 3.d4 cxd4 4.Nxd4 a6 5.Nc3 b5 6.g3 Bb7 7.Bg2 Bc5 8.O-O Ne7
9.Be3 Qb6 10.a4 Nbc6 11.a5 Nxa5 12.b4 Bxb4 13.Nf5 Bc5 14.Bxc5 Qxc5 15.Nd6+ Kf8
16.Rxa5 Bc6 17.Ne2 h5 18.h3 h4 19.g4 Ng6 20.Qd2 Ke7 21.Rd1 Rhb8 22.Nd4 Kf8
23.Nb3 Qe5 24.Nc4 Qf4 25.Qxf4 Nxf4 26.Ne5 Ke7 27.Nxc6+ dxc6 28.e5 Ra7 29.Nc5 Ng6
30.Rxa6 Rxa6 31.Nxa6 Rb6 32.Nc5 Nxe5 33.f4 Ng6 34.Rd7+ Ke8 35.Ra7  1-0

[Event "11th Aeroflot Open B"]
[Site "Moscow RUS"]
[Date "2012.02.14"]
[Round "8"]
[White "Aldokhin,I"]
[Black "Sivuk,V"]
[Result "0-1"]
[WhiteElo "2376"]
[BlackElo "2459"]

1.e4 c5 2.Nf3 e6 3.d4 cxd4 4.Nxd4 a6 5.Nc3 b5 6.Bd3 Bb7 7.O-O Nc6 8.Nxc6 Bxc6
9.a4 b4 10.Ne2 Nf6 11.Ng3 h5 12.e5 h4 13.Ne2 Ng4 14.Nd4 Nxe5 15.Nxc6 dxc6
16.Be4 Qxd1 17.Rxd1 f5 18.Bf4 fxe4 19.Bxe5 Rh5 20.Bf4 Rd5 21.Re1 g5 22.Be3 Bg7
23.Rab1 Kf7 24.Kf1 Kg6 25.Ke2 Rad8 26.h3 Bd4 27.Bxd4 Rxd4 28.Ke3 Kf5 29.Rbc1 Rd2
30.b3 Ke5 31.Rg1 R2d5 32.Ke2 Kd4 33.Rge1 Kc3 34.Kf1 Rd4 35.Rb1 Rf8 36.Re2 Rd2
37.Rbe1 Kxc2  0-1

[Event "ch-Central Serbia w 2012"]
[Site "Pozarevac SRB"]
[Date "2012.02.14"]
[Round "2.3"]
[White "Panic,A"]
[Black "Petrovic,Tijana"]
[Result "1-0"]
[WhiteElo "1928"]
[BlackElo "1667"]

1.e4 c5 2.Nf3 e6 3.d4 cxd4 4.Nxd4 a6 5.Nc3 b5 6.Bd3 Qb6 7.Be3 Bc5 8.Nce2 Nf6
9.c3 Ng4 10.b4 Nxe3 11.bxc5 Nxd1 12.cxb6 Nb2 13.Kd2 Nxd3 14.Kxd3 Bb7 15.a4 bxa4
16.Rxa4 Nc6 17.Nxc6 Bxc6 18.Ra5 Rb8 19.Rb1 f5 20.exf5 exf5 21.f3 g6 22.Rxa6 Ke7
23.Nd4 Rb7 24.c4 Kd6 25.Ra5 Ke7 26.Nxc6+ dxc6 27.c5 Rd8+ 28.Kc3 g5 29.Ra7 Rxa7
30.bxa7 Ra8 31.Rb7+ Ke6 32.Kb4 h5 33.Ka5 Kd5 34.Kb6 g4 35.fxg4 fxg4 36.Rd7+ Kc4
37.Kxc6  1-0

[Event "11th Aeroflot Open B"]
[Site "Moscow RUS"]
[Date "2012.02.15"]
[Round "9"]
[White "Munguntuul,B"]
[Black "Rychagov,A"]
[Result "1-0"]
[WhiteElo "2452"]
[BlackElo "2542"]

1.e4 c5 2.Nf3 e6 3.d4 cxd4 4.Nxd4 a6 5.Nc3 b5 6.Bd3 Qb6 7.Be3 Bc5 8.Nce2 Nf6
9.O-O Ng4 10.Bd2 Nc6 11.c3 O-O 12.h3 Nge5 13.Bc2 Nxd4 14.cxd4 Bxd4 15.Nxd4 Qxd4
16.Bc3 Qc5 17.Bd4 Qc7 18.Rc1 d6 19.Qh5 Qc4 20.Rfd1 Qxa2 21.Bc3 Ng6 22.e5 dxe5
23.Be4 Ra7 24.Bb4 Re8 25.Bc6  1-0

[Event "3rd Novy Bor Open"]
[Site "Novy Bor CZE"]
[Date "2012.02.17"]
[Round "8"]
[White "Oresky,J"]
[Black "Suchomel,A"]
[Result "1-0"]
[WhiteElo "2227"]
[BlackElo "2010"]

1.e4 c5 2.Nf3 e6 3.d4 cxd4 4.Nxd4 a6 5.Nc3 Qc7 6.g3 Nf6 7.Bg2 Nc6 8.O-O Be7
9.Re1 d6 10.Nxc6 bxc6 11.e5 dxe5 12.Rxe5 Nd5 13.Qe1 Bb7 14.Re2 O-O 15.Ne4 c5
16.c4 Nf6 17.Bf4 Qb6 18.Be5 Nd7 19.Bc3 a5 20.Rd1 Rfd8 21.Red2 Nf8 22.Rxd8 Rxd8
23.Rxd8 Bxd8 24.Qd2 Bxe4 25.Bxe4 Qc7 26.Bc2 Nd7 27.Qd3 Nf6 28.Be5 Qb6 29.b3 Be7
30.Qf3 Qd8 31.Bc3 Nd7 32.Qe4 g6 33.Qe1 a4 34.bxa4 Bf6 35.a5 Bxc3 36.Qxc3 Nb8
37.Be4 Na6 38.Bb7 Nb4 39.a3 Qd1+ 40.Kg2 Nd3 41.a6 Qe2 42.Qxd3 Qxd3 43.a7 Qxc4
44.a8=Q+ Kg7 45.a4 e5 46.a5 f5 47.Bd5 Qc3 48.Qg8+ Kh6 49.Qf8+  1-0

[Event "ch-Central Serbia w 2012"]
[Site "Pozarevac SRB"]
[Date "2012.02.17"]
[Round "8.1"]
[White "Petrovic,Tamara"]
[Black "Petrovic,Tijana"]
[Result "1/2-1/2"]
[WhiteElo "1712"]
[BlackElo "1667"]

1.e4 c5 2.Nf3 e6 3.d4 cxd4 4.Nxd4 a6 5.Nc3 Qc7 6.Be2 b5 7.f3 Bb7 8.Be3 Nf6
9.O-O Be7 10.Qd2 O-O 11.Rfe1 Nc6 12.Nb3 Rfd8 13.Bd3 Ne5 14.Bf4  1/2-1/2